000
00281nam a2200109Ia 4500
008
190919s9999||||xx |||||||||||||| ||und||
100
_a
Q.A.Wadud
245
0
_a
Law of the Commission Securities and Exchange
260
_a
Karachi
_b
Royal Book
_c
2003
300
_a
173
942
_c
BK
999
_c
11135
_d
11135